Normal view
MARC view
- CHITALE,A.K/R.C.GUPTA
Entry Personal Name
001 - CONTROL NUMBER
- control field: 1272
003 - CONTROL NUMBER IDENTIFIER
- control field: JO-AjAnu
005 - DATE AND TIME OF LATEST TRANSACTION
- control field: 20230606070519.0
008 - FIXED-LENGTH DATA ELEMENTS
- fixed length control field: 230606|| aca||aabn | a|a d
040 ## - CATALOGING SOURCE
- Original cataloging agency: JO-AjAnu
- Transcribing agency: JO-AjAnu
100 ## - HEADING--PERSONAL NAME
- Personal name: CHITALE,A.K/R.C.GUPTA
670 ## - SOURCE DATA FOUND
- Source citation: Work cat.: (JO-AjAnu)670: CHITALE,A.K/R.C.GUPTA, author, MATERIALS MANAGEMENT Text and Cases